[Event "International Tournament"]
[Site "Thivon"]
[Date "2016.08.30"]
[Round "6.5"]
[White "Kouskoutis, Georgios-Alexandro"]
[Black "Skalkotas, Nikolaos"]
[Result "1-0"]
[BlackElo "2156"]
[WhiteElo "2241"]
[LiveChessVersion "1.4.8"]

1. c4 {[%clk 1:30:55]} e5 {[%clk 1:29:39]} 2. g3 {[%clk 1:31:13]} c5
{[%clk 1:26:44]} 3. Bg2 Nc6 4. Nc3 {[%clk 1:31:29]} g6 {[%clk 1:27:38]} 5. a3
{[%clk 1:30:39]} a5 {[%clk 1:27:21]} 6. d3 {[%clk 1:26:40]} Bg7 {[%clk 1:27:01]}
7. Nf3 {[%clk 1:23:29]} Nge7 {[%clk 1:23:01]} 8. O-O {[%clk 1:23:19]} O-O
{[%clk 1:22:41]} 9. Ne1 {[%clk 1:20:14]} Rb8 {[%clk 1:19:16]} 10. Nc2
{[%clk 1:18:28]} Nd4 {[%clk 1:17:47]} 11. Nxd4 {[%clk 1:14:58]} exd4
{[%clk 1:15:36]} 12. Nb5 {[%clk 1:14:44]} d6 {[%clk 1:12:32]} 13. Bg5
{[%clk 1:10:03]} h6 {[%clk 1:09:29]} 14. Bf4 {[%clk 1:10:08]} Nf5
{[%clk 1:09:24]} 15. b4 {[%clk 1:05:57]} g5 {[%clk 1:04:05]} 16. Bd2
{[%clk 1:06:18]} Bd7 {[%clk 0:53:48]} 17. Rb1 {[%clk 0:48:37]} axb4
{[%clk 0:43:19]} 18. axb4 {[%clk 0:49:00]} Bc6 {[%clk 0:43:46]} 19. Qb3
{[%clk 0:45:16]} Bxg2 {[%clk 0:38:29]} 20. Kxg2 {[%clk 0:45:42]} Re8
{[%clk 0:38:53]} 21. Rfe1 {[%clk 0:45:18]} Re6 {[%clk 0:36:26]} 22. e4
{[%clk 0:23:39]} dxe3 {[%clk 0:35:50]} 23. fxe3 {[%clk 0:22:47]} Qd7
{[%clk 0:26:13]} 24. e4 {[%clk 0:20:06]} Rbe8 {[%clk 0:24:09]} 25. Rf1
{[%clk 0:16:40]} Ne7 {[%clk 0:22:57]} 26. Nc3 {[%clk 0:06:54]} Bxc3
{[%clk 0:18:40]} 27. Bxc3 {[%clk 0:02:33]} f5 {[%clk 0:18:52]} 28. bxc5
{[%clk 0:01:04]} dxc5 {[%clk 0:18:59]} 29. Ba1 {[%clk 0:01:28]} fxe4
{[%clk 0:17:15]} 30. Qb2 {[%clk 0:01:22]} Ng6 {[%clk 0:16:40]} 31. Qxb7
{[%clk 0:01:02]} Qxb7 {[%clk 0:05:05]} 32. Rxb7 {[%clk 0:01:28]} R8e7
{[%clk 0:04:12]} 33. Rxe7 {[%clk 0:00:49]} Nxe7 {[%clk 0:04:30]} 34. Re1
{[%clk 0:00:40]} e3 {[%clk 0:03:46]} 35. g4 {[%clk 0:00:36]} Nc6 {[%clk 0:04:15]}
36. Kf3 {[%clk 0:00:43]} Nd4+ {[%clk 0:04:21]} 37. Bxd4 {[%clk 0:01:00]} cxd4
{[%clk 0:04:49]} 38. h3 {[%clk 0:00:39]} Kg7 {[%clk 0:05:05]} 39. Re2
{[%clk 0:00:47]} Kg6 {[%clk 0:04:05]} 40. Ra2 {[%clk 0:16:07]} h5
{[%clk 0:19:19]} 41. Rb2 {[%clk 0:15:06]} hxg4+ {[%clk 0:12:04]} 42. hxg4
{[%clk 0:15:31]} Rf6+ {[%clk 0:12:32]} 43. Ke4 {[%clk 0:15:46]} Rf4+
{[%clk 0:13:01]} 44. Kd5 {[%clk 0:15:54]} Rxg4 {[%clk 0:12:04]} 45. c5
{[%clk 0:16:06]} Rf4 {[%clk 0:09:10]} 46. c6 {[%clk 0:15:30]} Rf2
{[%clk 0:09:27]} 47. c7 {[%clk 0:15:20]} Rxb2 {[%clk 0:06:04]} 48. c8=Q
{[%clk 0:15:43]} e2 {[%clk 0:06:14]} 49. Qe8+ {[%clk 0:15:46]} Kf5
{[%clk 0:06:13]} 50. Kxd4 {[%clk 0:15:02]} Rc2 {[%clk 0:05:26]} 51. Qe4+
{[%clk 0:14:36]} Kf6 {[%clk 0:05:55]} 52. Qf3+ {[%clk 0:14:32]} Ke6
{[%clk 0:05:31]} 53. Qf2 {[%clk 0:14:12]} g4 {[%clk 0:05:03]} 54. Ke3
{[%clk 0:12:36]} Kd5 {[%clk 0:04:53]} 55. Qf5+ {[%clk 0:12:53]} Kd6
{[%clk 0:02:29]} 56. Qf4+ {[%clk 0:13:16]} Kd5 {[%clk 0:02:06]} 57. Kf2
{[%clk 0:13:29]} g3+ {[%clk 0:02:12]} 58. Qxg3 {[%clk 0:13:53]} Kd4
{[%clk 0:02:40]} 59. Qe3+ {[%clk 0:13:37]} Kc3 {[%clk 0:02:19]} 60. Ke1
{[%clk 0:13:59]} 1-0

[Event "International Tournament"]
[Site "Thivon"]
[Date "2016.08.30"]
[Round "6.6"]
[White "Grigoriadis, Alexandros"]
[Black "Papadopoulos, Nikolaos"]
[Result "1-0"]
[BlackElo "2234"]
[WhiteElo "2147"]
[LiveChessVersion "1.4.8"]

1. c4 Nf6 {[%clk 1:28:27]} 2. Nf3 {[%clk 1:16:33]} g6 {[%clk 1:28:44]} 3. d4
{[%clk 1:14:47]} Bg7 {[%clk 1:28:36]} 4. Bf4 {[%clk 1:15:03]} O-O
{[%clk 1:26:44]} 5. e3 {[%clk 1:13:27]} c5 {[%clk 1:24:53]} 6. Nc3
{[%clk 1:11:51]} cxd4 {[%clk 1:23:14]} 7. Nxd4 {[%clk 1:10:08]} d6
{[%clk 1:20:12]} 8. Nb3 {[%clk 1:08:08]} Nc6 {[%clk 1:17:08]} 9. Be2
{[%clk 1:07:46]} Be6 {[%clk 1:05:26]} 10. O-O {[%clk 1:06:22]} Na5
{[%clk 1:03:00]} 11. Nd5 {[%clk 0:58:23]} Rc8 {[%clk 0:55:14]} 12. Nxe7+
{[%clk 0:57:15]} Qxe7 {[%clk 0:55:21]} 13. Bxd6 {[%clk 0:55:33]} Qd8
{[%clk 0:37:30]} 14. Bxf8 {[%clk 0:53:37]} Qxf8 {[%clk 0:37:52]} 15. Nxa5
{[%clk 0:53:35]} Qb4 {[%clk 0:38:05]} 16. Nb3 {[%clk 0:51:43]} Ne4
{[%clk 0:36:09]} 17. Bd3 {[%clk 0:44:26]} f5 {[%clk 0:31:29]} 18. Qe2
{[%clk 0:42:07]} Bf7 {[%clk 0:29:44]} 19. Rac1 {[%clk 0:41:03]} Qa4
{[%clk 0:26:55]} 20. Nd4 {[%clk 0:39:03]} Nc5 {[%clk 0:27:23]} 21. b3
{[%clk 0:38:45]} Qe8 {[%clk 0:24:16]} 22. Rfd1 {[%clk 0:38:14]} a6
{[%clk 0:24:12]} 23. Qc2 {[%clk 0:34:31]} f4 {[%clk 0:24:02]} 24. Re1
{[%clk 0:25:08]} Qd7 {[%clk 0:23:38]} 25. Rcd1 {[%clk 0:20:59]} fxe3
{[%clk 0:22:53]} 26. fxe3 {[%clk 0:19:39]} Re8 {[%clk 0:21:13]} 27. Bf1
{[%clk 0:16:59]} Qg4 {[%clk 0:20:37]} 28. b4 {[%clk 0:13:20]} Ne4
{[%clk 0:19:21]} 29. c5 {[%clk 0:11:50]} Ng5 {[%clk 0:19:16]} 30. Bc4
{[%clk 0:09:30]} Nh3+ {[%clk 0:12:59]} 31. Kh1 {[%clk 0:09:25]} Nf2+
{[%clk 0:13:15]} 32. Qxf2 {[%clk 0:09:26]} Bxc4 {[%clk 0:13:43]} 33. Qf4
{[%clk 0:07:17]} Qxf4 {[%clk 0:06:29]} 34. exf4 {[%clk 0:07:41]} Rxe1+
{[%clk 0:06:29]} 35. Rxe1 {[%clk 0:08:06]} Bxa2 {[%clk 0:06:49]} 36. Rd1
{[%clk 0:07:17]} Bf6 {[%clk 0:04:20]} 37. Kg1 {[%clk 0:07:21]} Kf7
{[%clk 0:02:36]} 38. Kf2 {[%clk 0:07:32]} Be7 {[%clk 0:02:07]} 39. Ke3
{[%clk 0:07:42]} Bd5 {[%clk 0:02:00]} 40. Nf3 {[%clk 0:20:01]} Ke6
{[%clk 0:15:35]} 41. g4 {[%clk 0:18:39]} Ba2 {[%clk 0:11:10]} 42. Ng5+
{[%clk 0:18:12]} Kf6 {[%clk 0:09:13]} 43. Nxh7+ {[%clk 0:18:18]} Kf7
{[%clk 0:09:42]} 44. Rd7 {[%clk 0:17:47]} Ke8 {[%clk 0:08:58]} 45. Rxb7
{[%clk 0:17:53]} a5 {[%clk 0:09:15]} 46. Rxe7+ {[%clk 0:18:16]} 1-0

[Event "International Tournament"]
[Site "Thivon"]
[Date "2016.08.30"]
[Round "6.7"]
[White "Sandalakis, Nikolaos"]
[Black "Simeonidis, Ioannis"]
[Result "1/2-1/2"]
[BlackElo "2226"]
[WhiteElo "2099"]
[LiveChessVersion "1.4.8"]

1. e4 {[%clk 1:30:57]} Nf6 {[%clk 1:30:51]} 2. Nc3 {[%clk 1:28:54]} d5
{[%clk 1:30:33]} 3. exd5 {[%clk 1:29:16]} Nxd5 {[%clk 1:30:57]} 4. Bc4
{[%clk 1:29:28]} Nb6 {[%clk 1:31:22]} 5. Bb3 {[%clk 1:29:32]} Nc6
{[%clk 1:31:45]} 6. Nf3 {[%clk 1:16:34]} Na5 {[%clk 1:30:13]} 7. d3
{[%clk 1:10:29]} e6 {[%clk 1:30:19]} 8. Bg5 {[%clk 1:08:16]} f6 {[%clk 1:24:45]}
9. Ne5 {[%clk 0:55:56]} g6 {[%clk 1:11:56]} 10. Bh4 {[%clk 0:50:25]} Be7
{[%clk 1:09:05]} 11. Nf3 {[%clk 0:48:13]} c5 {[%clk 1:08:34]} 12. O-O
{[%clk 0:44:32]} O-O {[%clk 1:07:27]} 13. Qe2 {[%clk 0:43:03]} Nxb3
{[%clk 1:05:45]} 14. axb3 {[%clk 0:43:28]} e5 {[%clk 1:04:43]} 15. Nd2
{[%clk 0:40:58]} g5 {[%clk 1:00:21]} 16. Bg3 {[%clk 0:41:00]} Bf5
{[%clk 0:48:46]} 17. h4 {[%clk 0:30:40]} h6 {[%clk 0:48:37]} 18. Nc4
{[%clk 0:22:14]} Qd7 {[%clk 0:44:18]} 19. Qf3 {[%clk 0:16:57]} Kg7
{[%clk 0:39:50]} 20. Rfe1 {[%clk 0:07:42]} Bg4 {[%clk 0:37:07]} 21. Qe4
{[%clk 0:08:01]} Bf5 {[%clk 0:35:34]} 22. Qf3 {[%clk 0:08:22]} Bg4
{[%clk 0:29:41]} 23. Qe4 {[%clk 0:08:33]} 1/2-1/2

[Event "International Tournament"]
[Site "Thivon"]
[Date "2016.08.30"]
[Round "6.8"]
[White "Megalios, Konstantinos"]
[Black "Ignatiadis, Konstantinos"]
[Result "1-0"]
[BlackElo "2085"]
[WhiteElo "2293"]
[LiveChessVersion "1.4.8"]

1. d4 {[%clk 1:27:05]} d5 {[%clk 1:07:32]} 2. c4 {[%clk 1:26:51]} Nc6
{[%clk 1:03:45]} 3. cxd5 {[%clk 1:26:30]} Qxd5 {[%clk 1:04:08]} 4. Nf3
{[%clk 1:26:30]} e5 {[%clk 1:03:48]} 5. Nc3 {[%clk 1:26:44]} Bb4 {[%clk 1:04:12]}
6. Nxe5 {[%clk 1:21:45]} Bxc3+ {[%clk 1:02:29]} 7. bxc3 {[%clk 1:21:49]} Nxe5
{[%clk 1:02:53]} 8. dxe5 {[%clk 1:22:04]} Qxe5 {[%clk 1:03:16]} 9. Qd4
{[%clk 1:21:40]} Qxd4 {[%clk 1:03:15]} 10. cxd4 {[%clk 1:22:03]} Ne7
{[%clk 0:58:56]} 11. f3 {[%clk 1:13:10]} O-O {[%clk 0:59:07]} 12. e4
{[%clk 1:05:30]} c6 {[%clk 0:59:04]} 13. Bc4 {[%clk 1:05:01]} Be6
{[%clk 0:58:46]} 14. Bxe6 {[%clk 1:03:23]} fxe6 {[%clk 0:58:59]} 15. Rb1
{[%clk 1:03:05]} b6 {[%clk 0:59:02]} 16. Kf2 {[%clk 0:50:38]} Rfd8
{[%clk 0:55:41]} 17. Rd1 {[%clk 0:47:39]} Rd7 {[%clk 0:55:50]} 18. Be3
{[%clk 0:44:00]} Rad8 {[%clk 0:53:59]} 19. Rdc1 {[%clk 0:44:24]} h6
{[%clk 0:53:50]} 20. g4 {[%clk 0:43:23]} Kf7 {[%clk 0:53:26]} 21. h4
{[%clk 0:43:41]} Rc8 {[%clk 0:52:26]} 22. h5 {[%clk 0:42:28]} Rdc7
{[%clk 0:49:29]} 23. Rc4 {[%clk 0:41:46]} Ng8 {[%clk 0:48:59]} 24. Rbc1
{[%clk 0:36:45]} Nf6 {[%clk 0:48:01]} 25. a4 {[%clk 0:37:01]} c5 {[%clk 0:47:02]}
26. a5 {[%clk 0:34:25]} Nd7 {[%clk 0:46:48]} 27. R4c2 {[%clk 0:24:52]} c4
{[%clk 0:44:53]} 28. axb6 {[%clk 0:25:14]} axb6 {[%clk 0:45:14]} 29. Rb1
{[%clk 0:25:19]} c3 {[%clk 0:42:54]} 30. Ke2 {[%clk 0:24:10]} Rc6
{[%clk 0:41:15]} 31. Rb3 {[%clk 0:23:58]} g6 {[%clk 0:40:19]} 32. hxg6+
{[%clk 0:20:19]} Kxg6 {[%clk 0:40:44]} 33. f4 {[%clk 0:20:20]} Nf6
{[%clk 0:40:42]} 34. Kf3 {[%clk 0:19:31]} h5 {[%clk 0:40:30]} 35. f5+
{[%clk 0:19:45]} exf5 {[%clk 0:40:21]} 36. gxf5+ {[%clk 0:18:25]} Kf7
{[%clk 0:40:46]} 37. Bg5 {[%clk 0:17:58]} 1-0

[Event "International Tournament"]
[Site "Thivon"]
[Date "2016.08.30"]
[Round "6.9"]
[White "Hristodoulou, Panagiotis"]
[Black "Gripeos, Kiriakos"]
[Result "1-0"]
[BlackElo "2038"]
[WhiteElo "2283"]
[LiveChessVersion "1.4.8"]

1. e4 {[%clk 1:18:04]} c5 {[%clk 1:30:48]} 2. Nf3 {[%clk 1:18:25]} d6
{[%clk 1:31:09]} 3. d4 {[%clk 1:18:50]} cxd4 {[%clk 1:31:33]} 4. Nxd4
{[%clk 1:19:16]} Nf6 {[%clk 1:31:56]} 5. Nc3 {[%clk 1:19:36]} a6 {[%clk 1:32:22]}
6. Bg5 {[%clk 1:19:57]} e6 {[%clk 1:32:44]} 7. f4 {[%clk 1:20:21]} Qb6
{[%clk 1:32:48]} 8. Qd2 {[%clk 1:20:43]} Qxb2 {[%clk 1:33:07]} 9. Rb1
{[%clk 1:21:09]} Qa3 {[%clk 1:33:27]} 10. Be2 {[%clk 1:21:33]} Nbd7
{[%clk 1:17:32]} 11. O-O {[%clk 1:21:08]} Be7 {[%clk 1:17:55]} 12. e5
{[%clk 1:21:15]} dxe5 {[%clk 1:13:39]} 13. fxe5 {[%clk 1:21:19]} Nxe5
{[%clk 1:12:28]} 14. Bxf6 {[%clk 1:21:33]} Bxf6 {[%clk 0:51:30]} 15. Rxf6
{[%clk 1:21:49]} gxf6 {[%clk 0:51:55]} 16. Ne4 {[%clk 1:22:11]} Qe7
{[%clk 0:42:23]} 17. Qf4 {[%clk 1:22:28]} Ng6 {[%clk 0:20:13]} 18. Nxf6+
{[%clk 1:17:36]} Kd8 {[%clk 0:20:35]} 19. Qg5 {[%clk 1:15:59]} e5
{[%clk 0:14:28]} 20. Rd1 {[%clk 1:16:14]} Bd7 {[%clk 0:09:55]} 21. Nf5
{[%clk 1:16:28]} Qc5+ {[%clk 0:03:50]} 22. Kh1 {[%clk 1:16:51]} Kc7
{[%clk 0:03:36]} 23. Rxd7+ {[%clk 1:16:33]} Kb6 {[%clk 0:03:42]} 24. Bf3
{[%clk 1:12:39]} Rab8 {[%clk 0:03:14]} 25. h3 {[%clk 1:10:45]} Ka7
{[%clk 0:01:06]} 26. Nd6 {[%clk 1:10:57]} h6 {[%clk 0:01:03]} 27. Qd2
{[%clk 1:10:53]} 1-0

[Event "International Tournament"]
[Site "Thivon"]
[Date "2016.08.30"]
[Round "6.10"]
[White "Stefanidi, Maria-Anna"]
[Black "Michelakos, Panagiotis"]
[Result "1/2-1/2"]
[BlackElo "2242"]
[WhiteElo "2082"]
[LiveChessVersion "1.4.8"]

1. e4 {[%clk 1:27:02]} c5 {[%clk 1:30:52]} 2. Nf3 {[%clk 1:27:25]} g6
{[%clk 1:30:43]} 3. c4 {[%clk 1:26:19]} Bg7 {[%clk 1:30:37]} 4. d4
{[%clk 1:26:41]} cxd4 {[%clk 1:30:59]} 5. Nxd4 {[%clk 1:27:06]} Nc6
{[%clk 1:31:18]} 6. Nc2 {[%clk 1:27:27]} d6 {[%clk 1:31:21]} 7. Be2
{[%clk 1:27:41]} f5 {[%clk 1:28:40]} 8. exf5 {[%clk 1:16:02]} Bxf5
{[%clk 1:28:38]} 9. O-O {[%clk 1:15:32]} Nh6 {[%clk 1:19:22]} 10. Nc3
{[%clk 1:01:36]} O-O {[%clk 1:18:09]} 11. Ne3 {[%clk 0:50:49]} Bd7
{[%clk 1:09:29]} 12. Bd2 {[%clk 0:46:05]} Nd4 {[%clk 1:03:55]} 13. Rc1
{[%clk 0:40:34]} Kh8 {[%clk 0:46:45]} 14. b4 {[%clk 0:31:02]} a5 {[%clk 0:45:10]}
15. b5 {[%clk 0:29:17]} Rc8 {[%clk 0:36:39]} 16. Na4 {[%clk 0:24:08]} Nhf5
{[%clk 0:30:11]} 17. Bd3 {[%clk 0:21:07]} Nxe3 {[%clk 0:22:33]} 18. Bxe3
{[%clk 0:20:48]} e5 {[%clk 0:22:57]} 19. Bxd4 {[%clk 0:15:11]} exd4
{[%clk 0:23:26]} 20. c5 {[%clk 0:15:30]} Be6 {[%clk 0:20:58]} 21. Be4
{[%clk 0:08:50]} d5 {[%clk 0:13:47]} 22. Bd3 {[%clk 0:09:12]} Qg5
{[%clk 0:14:03]} 23. Re1 {[%clk 0:04:57]} Bh3 {[%clk 0:07:46]} 24. g3
{[%clk 0:04:13]} Qf6 {[%clk 0:06:58]} 25. f4 {[%clk 0:03:56]} Rcd8
{[%clk 0:01:29]} 26. c6 {[%clk 0:03:06]} bxc6 {[%clk 0:01:51]} 27. Rxc6
{[%clk 0:03:28]} Rd6 {[%clk 0:01:39]} 28. Qc2 {[%clk 0:03:43]} Rfd8
{[%clk 0:00:42]} 29. Nb6 {[%clk 0:03:11]} 1/2-1/2

[Event "International Tournament"]
[Site "Thivon"]
[Date "2016.08.30"]
[Round "6.11"]
[White "Karagiannis, Athanasios"]
[Black "Nikolaou, Spiridon"]
[Result "1-0"]
[BlackElo "2065"]
[WhiteElo "2230"]
[LiveChessVersion "1.4.8"]

1. d4 {[%clk 1:30:57]} Nf6 {[%clk 1:26:23]} 2. Nf3 {[%clk 1:31:14]} g6
{[%clk 1:25:57]} 3. g3 {[%clk 1:31:36]} Bg7 {[%clk 1:26:23]} 4. Bg2
{[%clk 1:32:03]} O-O {[%clk 1:26:47]} 5. O-O {[%clk 1:32:23]} d6 {[%clk 1:27:15]}
6. Nc3 {[%clk 1:32:44]} Na6 {[%clk 1:26:46]} 7. e4 {[%clk 1:32:34]} c5
{[%clk 1:27:04]} 8. h3 {[%clk 1:31:55]} Rb8 {[%clk 1:25:21]} 9. e5
{[%clk 1:27:07]} Ne8 {[%clk 1:22:36]} 10. dxc5 {[%clk 1:25:43]} Nxc5
{[%clk 1:22:55]} 11. Bg5 {[%clk 1:24:16]} h6 {[%clk 1:22:16]} 12. Be3
{[%clk 1:24:35]} b6 {[%clk 1:18:39]} 13. Qd2 {[%clk 1:21:00]} Kh7
{[%clk 1:17:17]} 14. Rad1 {[%clk 1:21:08]} Bb7 {[%clk 1:15:58]} 15. Rfe1
{[%clk 1:21:28]} Qc8 {[%clk 0:58:44]} 16. Nb5 {[%clk 1:16:48]} dxe5
{[%clk 0:31:43]} 17. Nxa7 {[%clk 1:15:48]} Qe6 {[%clk 0:32:01]} 18. b3
{[%clk 1:10:30]} Nd6 {[%clk 0:23:36]} 19. Qb4 {[%clk 1:09:45]} f5
{[%clk 0:18:10]} 20. Nb5 {[%clk 0:59:41]} f4 {[%clk 0:07:10]} 21. gxf4
{[%clk 0:58:55]} Bxf3 {[%clk 0:03:26]} 22. Bxf3 {[%clk 0:58:29]} Qxh3
{[%clk 0:02:59]} 23. Bg2 {[%clk 0:58:48]} Qh4 {[%clk 0:02:56]} 24. Nxd6
{[%clk 0:58:51]} exd6 {[%clk 0:03:19]} 25. Rxd6 {[%clk 0:58:35]} exf4
{[%clk 0:03:29]} 26. Bxc5 {[%clk 0:55:10]} bxc5 {[%clk 0:03:42]} 27. Qe4
{[%clk 0:55:32]} Rf5 {[%clk 0:02:23]} 28. Rd7 {[%clk 0:52:21]} Rg5
{[%clk 0:00:34]} 29. Rxg7+ {[%clk 0:51:51]} Kxg7 {[%clk 0:01:02]} 30. Qe7+
{[%clk 0:52:13]} Kh8 {[%clk 0:00:46]} 31. Qf6+ {[%clk 0:51:40]} Kg8
{[%clk 0:01:13]} 32. Kf1 {[%clk 0:51:09]} Qg4 {[%clk 0:01:26]} 33. Re7
{[%clk 0:47:41]} Qxg2+ {[%clk 0:01:27]} 34. Ke2 {[%clk 0:48:05]} Qg4+
{[%clk 0:01:17]} 35. Kd2 {[%clk 0:47:49]} Rd5+ {[%clk 0:00:40]} 36. Kc3
{[%clk 0:47:49]} Rd3+ {[%clk 0:00:37]} 37. cxd3 {[%clk 0:47:53]} 1-0

[Event "International Tournament"]
[Site "Thivon"]
[Date "2016.08.30"]
[Round "6.12"]
[White "Nikolaou, Georgios"]
[Black "Bonneville, Thaymour"]
[Result "1-0"]
[BlackElo "2019"]
[WhiteElo "2225"]
[LiveChessVersion "1.4.8"]

1. d4 {[%clk 1:30:13]} Nf6 {[%clk 1:24:59]} 2. c4 {[%clk 1:29:44]} g6
{[%clk 1:25:15]} 3. g3 {[%clk 1:29:59]} Bg7 {[%clk 1:25:36]} 4. Bg2
{[%clk 1:30:22]} O-O {[%clk 1:25:56]} 5. Nf3 {[%clk 1:30:44]} d6 {[%clk 1:26:14]}
6. O-O {[%clk 1:30:57]} Nc6 {[%clk 1:26:27]} 7. d5 {[%clk 1:31:16]} Na5
{[%clk 1:26:36]} 8. Qa4 {[%clk 1:31:28]} c5 {[%clk 1:26:46]} 9. Bd2
{[%clk 1:31:49]} b6 {[%clk 1:26:24]} 10. Bc3 {[%clk 1:32:09]} Bd7
{[%clk 1:25:21]} 11. Qc2 {[%clk 1:32:28]} Bf5 {[%clk 1:19:41]} 12. Qc1
{[%clk 1:32:46]} Bd7 {[%clk 1:15:21]} 13. Nbd2 {[%clk 1:28:29]} b5
{[%clk 1:13:25]} 14. b3 {[%clk 1:27:45]} bxc4 {[%clk 1:09:11]} 15. bxc4
{[%clk 1:25:09]} e5 {[%clk 1:01:34]} 16. Rb1 {[%clk 1:06:21]} Qc7
{[%clk 0:58:23]} 17. Qa3 {[%clk 0:56:25]} Nb7 {[%clk 0:58:21]} 18. Qa6
{[%clk 0:55:55]} Rfb8 {[%clk 0:56:45]} 19. Rb3 {[%clk 0:49:35]} Ne8
{[%clk 0:50:59]} 20. Rfb1 {[%clk 0:43:08]} Nd8 {[%clk 0:47:56]} 21. Ba5
{[%clk 0:42:21]} Qc8 {[%clk 0:48:06]} 22. Qxc8 {[%clk 0:42:38]} Rxc8
{[%clk 0:48:18]} 23. e4 {[%clk 0:41:50]} h6 {[%clk 0:47:20]} 24. Ne1
{[%clk 0:40:26]} f5 {[%clk 0:46:18]} 25. Bh3 {[%clk 0:39:31]} Nf6
{[%clk 0:45:31]} 26. Nd3 {[%clk 0:34:58]} h5 {[%clk 0:40:11]} 27. f4
{[%clk 0:18:38]} Ng4 {[%clk 0:37:46]} 28. Bxg4 {[%clk 0:18:57]} hxg4
{[%clk 0:37:47]} 29. fxe5 {[%clk 0:17:08]} Bxe5 {[%clk 0:36:06]} 30. Nxe5
{[%clk 0:14:53]} dxe5 {[%clk 0:36:27]} 31. Bc3 {[%clk 0:14:52]} Nf7
{[%clk 0:35:58]} 32. Rb7 {[%clk 0:15:00]} Be8 {[%clk 0:35:53]} 33. Rf1
{[%clk 0:10:03]} Rcb8 {[%clk 0:33:43]} 34. Rxb8 {[%clk 0:06:04]} Rxb8
{[%clk 0:31:36]} 35. exf5 {[%clk 0:06:32]} gxf5 {[%clk 0:31:46]} 36. Rxf5
{[%clk 0:06:49]} Bd7 {[%clk 0:32:05]} 37. Rf1 {[%clk 0:05:30]} Ng5
{[%clk 0:31:25]} 38. Rf6 {[%clk 0:01:25]} Nh3+ {[%clk 0:28:39]} 39. Kf1
{[%clk 0:01:46]} e4 {[%clk 0:27:56]} 40. Ke2 {[%clk 0:16:27]} Ng1+
{[%clk 0:39:48]} 41. Ke3 {[%clk 0:15:33]} Nf3 {[%clk 0:40:03]} 42. Nxe4
{[%clk 0:15:23]} Rb1 {[%clk 0:40:20]} 43. Ra6 {[%clk 0:12:16]} Bf5
{[%clk 0:39:16]} 44. Nf6+ {[%clk 0:08:04]} Kf8 {[%clk 0:39:20]} 45. Kf4
{[%clk 0:07:54]} 1-0

[Event "International Tournament"]
[Site "Thivon"]
[Date "2016.08.31"]
[Round "7.2"]
[White "Kouskoutis, Georgios-Alexandro"]
[Black "Nikolaidis, Ioannis"]
[Result "1/2-1/2"]
[BlackElo "2558"]
[WhiteElo "2241"]
[LiveChessVersion "1.4.8"]

1. e4 {[%clk 1:30:55]} c6 {[%clk 1:30:39]} 2. d4 {[%clk 1:30:52]} d5
{[%clk 1:31:01]} 3. Nc3 {[%clk 1:31:15]} dxe4 {[%clk 1:31:20]} 4. Nxe4
{[%clk 1:31:38]} Nd7 {[%clk 1:30:45]} 5. Nf3 {[%clk 1:31:37]} Ngf6
{[%clk 1:31:05]} 6. Nxf6+ {[%clk 1:31:41]} Nxf6 {[%clk 1:31:28]} 7. Bc4
{[%clk 1:31:27]} Bf5 {[%clk 1:31:43]} 8. O-O {[%clk 1:30:52]} e6 {[%clk 1:31:44]}
9. c3 {[%clk 1:27:35]} Qc7 {[%clk 1:30:46]} 10. Qe2 {[%clk 1:22:46]} Bd6
{[%clk 1:29:41]} 11. h3 {[%clk 1:19:17]} h6 {[%clk 1:24:01]} 12. Ne5
{[%clk 1:09:16]} Nd5 {[%clk 1:16:54]} 13. Bxd5 {[%clk 0:57:04]} cxd5
{[%clk 1:16:54]} 14. Qb5+ {[%clk 0:57:00]} Kf8 {[%clk 1:11:57]} 15. Bf4
{[%clk 0:49:18]} Rd8 {[%clk 0:58:23]} 16. Bh2 {[%clk 0:46:51]} f6
{[%clk 0:57:19]} 17. Nf3 {[%clk 0:47:11]} Kf7 {[%clk 0:52:34]} 18. Bxd6
{[%clk 0:40:57]} Rxd6 {[%clk 0:52:53]} 19. Nh4 {[%clk 0:39:49]} Be4
{[%clk 0:48:33]} 20. f3 {[%clk 0:36:46]} Bh7 {[%clk 0:42:51]} 21. f4
{[%clk 0:37:06]} g5 {[%clk 0:38:51]} 22. fxg5 {[%clk 0:35:57]} hxg5
{[%clk 0:39:18]} 23. Nf3 {[%clk 0:35:38]} Kg7 {[%clk 0:38:30]} 24. Qe2
{[%clk 0:34:23]} Rb6 {[%clk 0:34:16]} 25. Nh2 {[%clk 0:25:49]} Be4
{[%clk 0:29:33]} 26. Qf2 {[%clk 0:19:23]} Qf4 {[%clk 0:27:47]} 27. Ng4
{[%clk 0:16:54]} Qxf2+ {[%clk 0:23:56]} 28. Rxf2 {[%clk 0:17:16]} Rf8
{[%clk 0:23:41]} 29. Raf1 {[%clk 0:15:57]} Bf5 {[%clk 0:22:37]} 30. Nxf6
{[%clk 0:07:25]} Rxf6 {[%clk 0:22:15]} 31. g4 {[%clk 0:07:52]} Kg6
{[%clk 0:21:48]} 32. Kh2 {[%clk 0:06:16]} Rc6 {[%clk 0:16:41]} 33. Kg3
{[%clk 0:04:25]} Rc8 {[%clk 0:16:50]} 34. gxf5+ {[%clk 0:03:21]} exf5
{[%clk 0:13:34]} 35. Re2 {[%clk 0:03:13]} f4+ {[%clk 0:12:19]} 36. Kg2
{[%clk 0:03:29]} Rcc6 {[%clk 0:10:41]} 37. Kf3 {[%clk 0:02:14]} Rfe6
{[%clk 0:03:58]} 38. Rfe1 {[%clk 0:02:14]} Rxe2 {[%clk 0:03:34]} 39. Rxe2
{[%clk 0:02:39]} Kh5 {[%clk 0:03:58]} 40. h4 {[%clk 0:16:28]} g4+
{[%clk 0:18:09]} 41. Kxf4 {[%clk 0:16:53]} Rf6+ {[%clk 0:18:34]} 42. Kg3
{[%clk 0:14:43]} Rf3+ {[%clk 0:18:35]} 43. Kg2 {[%clk 0:15:03]} Rd3
{[%clk 0:18:04]} 44. Re7 {[%clk 0:11:58]} Rd2+ {[%clk 0:16:27]} 45. Kg3
{[%clk 0:11:57]} Rd3+ {[%clk 0:15:19]} 46. Kf2 {[%clk 0:11:33]} Rd2+
{[%clk 0:12:37]} 47. Kg3 {[%clk 0:10:30]} 1/2-1/2